El segundo sexo

Tallennettuna:
Bibliografiset tiedot
Päätekijä: Beauvoir, Simone de (autora)
Muut tekijät: García Puente, Juan (traducción)
Aineistotyyppi: Tuntematon
Kieli:englanti
Julkaistu: Santiago, Chile: Debolsillo; Penguin Random House, 2018
Painos:Primera edición en Chile
Sarja:Contemporánea
Aiheet:
Tagit: Lisää tagi
Ei tageja, Lisää ensimmäinen tagi!

MARC

LEADER 00000 a2200000 4500
003 CL-VaPUC
005 20241118095159.0
008 220524b2018 ||||| |||| 00| 0 eng d
999 |c 435558  |d 435556 
020 |a 978-956-325-399-3 
040 |c Pontificia Universidad Católica de Valparaíso 
082 7 |a 305.4 BEA 2018  |2 22 
100 |a Beauvoir, Simone de  |e autora  |9 319247 
245 |a El segundo sexo 
250 |a Primera edición en Chile 
260 |a Santiago, Chile:  |b Debolsillo;  |b Penguin Random House,  |c 2018 
300 |a 727 páginas 
490 |a Contemporánea 
583 |k Catalogador Asistente  |c 20220524 
650 |a Mujeres  |9 870087 
650 0 |a Antropología cultural y social   |9 265143 
650 |a Discriminación de la mujer  |9 429690 
650 |a Discriminación de género  |9 538222 
700 |a García Puente, Juan  |e traducción  |9 869674 
942 |2 ddc  |c BK 
952 |0 0  |1 0  |2 ddc  |4 0  |6 305_400000000000000_BEA_2018  |7 0  |8 A  |9 583218  |a BIBART  |b BIBART  |d 2022-05-24  |e 159  |g 13000.00  |i 5651398  |l 7  |m 2  |o 305.4 BEA 2018  |p 5651398  |r 2025-03-13  |s 2023-05-23  |t 1  |v 13000.00  |w 2022-05-24  |y BK  |k ART